000 00601cam a2200145 4500500
005 20260208002341.0
041 _afre
042 _adc
100 1 0 _aParent, Emmanuel
_eauthor
245 0 0 _aChristian Béthune Le Rap: une esthétique hors la loi. Paris, Autrement, 2003, 246 p. (« Mutations »). Pour une esthétique du rap. Paris, Klincksieck, 2004, 168 p. (« 50 questions »)
260 _c2005.
500 _a85
786 0 _nL'Homme | 174 | 2 | 2005-06-01 | p. 277s-329s | 0439-4216
856 4 1 _uhttps://shs.cairn.info/revue-l-homme-2005-2-page-277s?lang=fr&redirect-ssocas=7080
999 _c1645964
_d1645964